[Event "BL 1718 DJK Aachen - SV Hofheim"]
[Site "?"]
[Date "2018.03.11"]
[Round "12.6"]
[White "Braun, Christian"]
[Black "Gurevich, Vladimir"]
[Result "0-1"]
[WhiteElo "2385"]
[BlackElo "2468"]
[PlyCount "56"]
[EventDate "2018.??.??"]
[EventType "team-tourn"]

1. e4 c5 2. Nf3 d6 3. d4 cxd4 4. Nxd4 Nf6 5. Nc3 a6 6. Be2 e5 7. Nb3 Be7 8. Bg5
Nbd7 9. a4 h6 10. Be3 b6 11. O-O O-O 12. Nd5 Bb7 13. Qd3 Nxd5 14. exd5 Bg5 15.
a5 b5 16. Rfc1 f5 17. Bxg5 Qxg5 18. c4 bxc4 19. Rxc4 Nf6 20. f4 Qg6 21. Rc6
Bxc6 22. dxc6 Qf7 23. Rc1 Qa7+ 24. Kh1 Ne4 25. Qc4+ Kh8 26. h3 Qe3 27. Bf3 Nf2+
28. Kh2 e4 0-1

[Event "BL 1718 DJK Aachen - SV Hofheim"]
[Site "?"]
[Date "2018.03.11"]
[Round "12.7"]
[White "Margolin, Boris"]
[Black "Santos Ruiz, Miguel"]
[Result "1/2-1/2"]
[WhiteElo "2389"]
[BlackElo "2488"]
[PlyCount "103"]
[EventDate "2018.??.??"]
[EventType "team-tourn"]

1. e4 c5 2. Nf3 d6 3. d4 cxd4 4. Nxd4 Nf6 5. Nc3 a6 6. Be2 e5 7. Nb3 Be7 8. Be3
Be6 9. Nd5 Nxd5 10. exd5 Bc8 11. Qd2 O-O 12. O-O Nd7 13. f3 f5 14. Na5 f4 15.
Bf2 Bh4 16. g3 e4 17. gxh4 e3 18. Qb4 exf2+ 19. Rxf2 Ne5 20. Nc4 Nxc4 21. Bxc4
a5 22. Qd2 Qxh4 23. Re1 Bd7 24. Re4 b5 25. Bd3 Qf6 26. c3 Kh8 27. Kh1 Qg5 28.
Bc2 Rf5 29. Rg2 Qh4 30. Rg4 Qh3 31. Qf2 Rxd5 32. Rh4 Rd2 33. Rxh3 Rxf2 34.
Rxh7+ Kxh7 35. Re2+ g6 36. Rxf2 Re8 37. Kg2 Bc6 38. Rd2 Re6 39. Kf2 Kg7 40. h4
Kh6 41. Rd4 Rf6 42. a4 bxa4 43. Bxa4 Bxa4 44. Rxa4 Rf5 45. Rd4 Kh5 46. c4 Kxh4
47. Rxd6 Rc5 48. Rd4 g5 49. b3 Rc8 50. Rd7 Kh5 51. Rd2 a4 52. bxa4 1/2-1/2

[Event "BL 1718 DJK Aachen - SV Hofheim"]
[Site "?"]
[Date "2018.03.11"]
[Round "12.8"]
[White "Donchenko, Alexander"]
[Black "Zude, Arno"]
[Result "1-0"]
[WhiteElo "2588"]
[BlackElo "2371"]
[PlyCount "39"]
[EventDate "2018.??.??"]
[EventType "team-tourn"]

1. Nf3 d5 2. g3 c6 3. Bg2 Bg4 4. c4 e6 5. h3 Bh5 6. O-O Nd7 7. cxd5 cxd5 8. Nc3
Ngf6 9. d3 Bc5 10. e4 Nb6 11. g4 Bg6 12. Ne5 dxe4 13. dxe4 Nfd7 14. Nd3 Be7 15.
f4 f6 16. Be3 O-O 17. Qb3 Bf7 18. e5 Nxe5 19. fxe5 Qxd3 20. Nd5 1-0

[Event "BL 1718 SF Deizisau - Hamburger SK"]
[Site "?"]
[Date "2018.03.11"]
[Round "12.1"]
[White "Grandelius, Nils"]
[Black "Bluebaum, Matthias"]
[Result "1/2-1/2"]
[WhiteElo "2646"]
[BlackElo "2631"]
[PlyCount "61"]
[EventDate "2018.??.??"]
[EventType "team-tourn"]

1. d4 Nf6 2. c4 e6 3. Nf3 d5 4. Nc3 Bb4 5. Bg5 dxc4 6. e4 h6 7. Bxf6 Qxf6 8.
Bxc4 c5 9. O-O cxd4 10. e5 Qd8 11. Ne4 O-O 12. Qe2 Be7 13. Rfd1 Qa5 14. Ng3 Rd8
15. Qe4 Nd7 16. Bd3 Nf8 17. Nh5 Bd7 18. Qg4 g6 19. Nf4 Bc6 20. Bxg6 fxg6 21.
Nxg6 Bxf3 22. Nxe7+ Kf7 23. Qxf3+ Kxe7 24. Qf6+ Ke8 25. Rd3 Rd7 26. Rf3 Qc5 27.
Qxh6 Rc8 28. Qh5+ Kd8 29. Qg5+ Ke8 30. Qh5+ Kd8 31. Qg5+ 1/2-1/2

[Event "BL 1718 SF Deizisau - Hamburger SK"]
[Site "?"]
[Date "2018.03.11"]
[Round "12.2"]
[White "Meier, Georg"]
[Black "Svane, Rasmus"]
[Result "1-0"]
[WhiteElo "2648"]
[BlackElo "2587"]
[PlyCount "101"]
[EventDate "2018.??.??"]
[EventType "team-tourn"]

1. c4 c6 2. d4 d5 3. cxd5 cxd5 4. Bf4 Nf6 5. Nc3 Nc6 6. e3 Bf5 7. Qb3 Na5 8.
Qa4+ Bd7 9. Qc2 e6 10. Nf3 Be7 11. h3 Ne4 12. Bd3 f5 13. Ne5 O-O 14. O-O Rc8
15. Bxe4 dxe4 16. Rfd1 Bf6 17. Rac1 Qe7 18. Qd2 b6 19. b4 Nb7 20. Qe2 Rfd8 21.
Qa6 Be8 22. Nb5 Bxb5 23. Qxb5 Nd6 24. Qa6 Bxe5 25. Rxc8 Nxc8 26. Bxe5 Nd6 27.
Rc1 h6 28. a4 Nf7 29. Rc7 Qxb4 30. Qxa7 Rf8 31. Kh2 Qb2 32. Bg3 f4 33. Bxf4
Qxf2 34. Qxb6 Qa2 35. a5 Ng5 36. Qb7 Rxf4 37. exf4 Qf2 38. Rxg7+ Kh8 39. Rxg5
hxg5 40. Qc8+ Kg7 41. Qc7+ Kg6 42. fxg5 e3 43. Qg3 Qd2 44. Qe5 Qf2 45. Qxe6+
Kxg5 46. Qe5+ Kh4 47. Qe4+ Kg5 48. a6 e2 49. a7 e1=Q 50. Qxe1 Qxe1 51. a8=Q 1-0

[Event "BL 1718 SF Deizisau - Hamburger SK"]
[Site "?"]
[Date "2018.03.11"]
[Round "12.3"]
[White "Miton, Kamil"]
[Black "Krasenkow, Michal"]
[Result "1/2-1/2"]
[WhiteElo "2606"]
[BlackElo "2644"]
[PlyCount "116"]
[EventDate "2018.??.??"]
[EventType "team-tourn"]

1. d4 Nf6 2. c4 g6 3. g3 c6 4. Bg2 d5 5. Qa4 Bg7 6. cxd5 Nxd5 7. Nf3 O-O 8. O-O
Bg4 9. Nbd2 Qc8 10. e4 Nc7 11. Nb3 Nd7 12. Be3 Nb6 13. Qb4 f5 14. Ne5 fxe4 15.
Nxg4 Ncd5 16. Qc5 Qxg4 17. Rae1 e5 18. dxe5 Nd7 19. Qc2 Nxe5 20. Qxe4 Qxe4 21.
Bxe4 Nxe3 22. Rxe3 Nc4 23. Re2 Rae8 24. Nc5 b6 25. Nd3 Nd6 26. Rfe1 Rxe4 27.
Rxe4 Nxe4 28. Rxe4 Rd8 29. Re3 c5 30. b3 Rd4 31. Kf1 c4 32. bxc4 Rxc4 33. Ke1
Rc3 34. Kd2 Ra3 35. Nc1 Ra5 36. Re8+ Kf7 37. Rc8 Be5 38. Rc6 Ke7 39. Rc4 Ra3
40. Rc6 Kd7 41. Rc4 h5 42. Ke2 g5 43. Kd2 h4 44. gxh4 Bf4+ 45. Kc2 Bxc1 46.
Kxc1 gxh4 47. Rxh4 Rxa2 48. Kb1 Ra5 49. Rf4 Rb5+ 50. Kc2 a5 51. h4 Re5 52. Rf6
Kc7 53. Kc3 Rh5 54. Rf4 b5 55. Rg4 Rc5+ 56. Kb3 Kd6 57. Rg6+ Ke7 58. Rg5 Rxg5
1/2-1/2

[Event "BL 1718 SF Deizisau - Hamburger SK"]
[Site "?"]
[Date "2018.03.11"]
[Round "12.4"]
[White "Heimann, Andreas"]
[Black "Ernst, Sipke"]
[Result "1/2-1/2"]
[WhiteElo "2574"]
[BlackElo "2529"]
[PlyCount "73"]
[EventDate "2018.??.??"]
[EventType "team-tourn"]

1. e4 e5 2. Nf3 Nc6 3. Nc3 Nf6 4. d4 exd4 5. Nxd4 Bb4 6. Nxc6 bxc6 7. Bd3 d5 8.
exd5 O-O 9. O-O cxd5 10. h3 Rb8 11. Qf3 Bb7 12. Bg5 d4 13. Ne4 Bxe4 14. Bxe4 h6
15. Bxf6 Qxf6 16. Qxf6 gxf6 17. Rfd1 Bc5 18. Rab1 Rfe8 19. Bd3 a5 20. Bc4 Kf8
21. Rd3 Rb4 22. b3 Rb6 23. c3 dxc3 24. Rxc3 Re5 25. Rf3 Rd6 26. g3 Kg7 27. Rb2
Rd1+ 28. Kg2 Bd4 29. Rc2 c5 30. Rd3 Ra1 31. Rdd2 f5 32. Re2 Rxe2 33. Rxe2 Kf6
34. Bd3 Rd1 35. Bc2 Ra1 36. Bd3 Rd1 37. Bc2 {Ke5} 1/2-1/2

[Event "BL 1718 SF Deizisau - Hamburger SK"]
[Site "?"]
[Date "2018.03.11"]
[Round "12.5"]
[White "Kollars, Dmitrij"]
[Black "Kozul, Zdenko"]
[Result "1/2-1/2"]
[WhiteElo "2534"]
[BlackElo "2617"]
[PlyCount "68"]
[EventDate "2018.??.??"]
[EventType "team-tourn"]

1. e4 c5 2. Nf3 d6 3. Bb5+ Bd7 4. Bxd7+ Qxd7 5. c4 e5 6. Nc3 Nc6 7. d3 Be7 8.
O-O Bd8 9. a3 Nge7 10. Rb1 Ba5 11. Nd5 Nxd5 12. exd5 Nd4 13. b4 Nxf3+ 14. Qxf3
Bb6 15. Be3 Rc8 16. a4 O-O 17. a5 Bd8 18. bxc5 dxc5 19. Bd2 b6 20. Bc3 Bc7 21.
Rfe1 f6 22. h4 Rb8 23. axb6 axb6 24. h5 Bd6 25. Rb5 Bc7 26. Rbb1 Bd6 27. g3 b5
28. cxb5 Rxb5 29. Rxb5 Qxb5 30. Qf5 Rd8 31. Qe6+ Kf8 32. Qf5 Kg8 33. Qe6+ Kf8
34. Qf5 Kg8 1/2-1/2

[Event "BL 1718 SF Deizisau - Hamburger SK"]
[Site "?"]
[Date "2018.03.11"]
[Round "12.6"]
[White "Graf, Alexander"]
[Black "Lampert, Jonas"]
[Result "1/2-1/2"]
[WhiteElo "2566"]
[BlackElo "2532"]
[PlyCount "53"]
[EventDate "2018.??.??"]
[EventType "team-tourn"]

1. d4 d5 2. c4 c6 3. cxd5 cxd5 4. Nc3 Nc6 5. Bf4 Nf6 6. e3 Bf5 7. Qb3 Na5 8.
Bb5+ Bd7 9. Qc2 e6 10. Nf3 Bxb5 11. Nxb5 Bb4+ 12. Ke2 O-O 13. Rhc1 Nc6 14. Qb3
Qb6 15. Nc7 Rac8 16. a3 Ba5 17. Qxb6 Bxb6 18. Nb5 Ne4 19. b4 a6 20. Nd6 Nxd6
21. Bxd6 Rfd8 22. Bg3 Bc7 23. Ne1 Bxg3 24. hxg3 Kf8 25. Nd3 b6 26. a4 a5 27.
Rab1 1/2-1/2

[Event "BL 1718 SF Deizisau - Hamburger SK"]
[Site "?"]
[Date "2018.03.11"]
[Round "12.7"]
[White "Heinemann, Thies"]
[Black "Keymer, Vincent"]
[Result "1/2-1/2"]
[WhiteElo "2508"]
[BlackElo "2403"]
[PlyCount "95"]
[EventDate "2018.??.??"]
[EventType "team-tourn"]

1. e4 c5 2. Nf3 e6 3. d3 Nc6 4. g3 Nf6 5. Bg2 d5 6. Qe2 Be7 7. O-O O-O 8. e5
Nd7 9. c4 a6 10. h4 b5 11. Bf4 Nb6 12. b3 bxc4 13. bxc4 a5 14. Nc3 Ba6 15. Rfd1
Nd4 16. Nxd4 cxd4 17. cxd5 exd5 18. Nb1 Na4 19. Qg4 Bc8 20. Qf3 Be6 21. Nd2 Qd7
22. Nb3 Nc3 23. Re1 Qa7 24. Bg5 Bxg5 25. hxg5 a4 26. Nc1 Rab8 27. a3 Rb2 28.
Ne2 Rfb8 29. Nf4 Qd7 30. Qh5 Rd2 31. Bf3 Rbb2 32. Rf1 Bf5 33. Qh4 g6 34. Rae1
Qc6 35. e6 fxe6 36. Bg4 Qd7 37. Rxe6 Ne2+ 38. Rxe2 Bxg4 39. Re5 Bf3 40. Rfe1
Rb8 41. Ne6 Re8 42. Rb1 Qb5 43. Rbe1 Qd7 44. Qf4 Rxe6 45. Qxf3 Rxe5 46. Rxe5
Qf7 47. Qxd5 Qxd5 48. Rxd5 1/2-1/2

[Event "BL 1718 SF Deizisau - Hamburger SK"]
[Site "?"]
[Date "2018.03.11"]
[Round "12.8"]
[White "Dautov, Rustem"]
[Black "Rogozenco, Dorian"]
[Result "1/2-1/2"]
[WhiteElo "2596"]
[BlackElo "2477"]
[PlyCount "61"]
[EventDate "2018.??.??"]
[EventType "team-tourn"]

1. d4 d5 2. c4 c6 3. Nc3 Nf6 4. e3 a6 5. Bd2 Bf5 6. Qb3 Ra7 7. Nf3 e6 8. Nh4
Be4 9. Nxe4 Nxe4 10. Nf3 Nxd2 11. Nxd2 dxc4 12. Bxc4 c5 13. dxc5 Bxc5 14. Rd1
O-O 15. O-O Be7 16. Nf3 Qc7 17. Bd3 b5 18. Rc1 Qa5 19. Qc2 h6 20. a3 Qb6 21.
Rfd1 Bf6 22. b4 a5 23. Qc5 Qxc5 24. Rxc5 axb4 25. axb4 Rd8 26. Kf1 Rb7 27. Ke2
Na6 28. Rxb5 Rxb5 29. Bxb5 Rxd1 30. Kxd1 Nxb4 31. Ke2 1/2-1/2

[Event "BL 1718 SK Schwäbisch Hall - SK Norder"]
[Site "?"]
[Date "2018.03.11"]
[Round "12.1"]
[White "Trent, Lawrence"]
[Black "Jakovenko, Dmitry"]
[Result "0-1"]
[WhiteElo "2440"]
[BlackElo "2746"]
[PlyCount "80"]
[EventDate "2018.??.??"]
[EventType "team-tourn"]

1. e4 c5 2. Nf3 d6 3. Bb5+ Nd7 4. a4 a6 5. Bc4 Ngf6 6. Nc3 e6 7. O-O Be7 8. d4
cxd4 9. Nxd4 O-O 10. a5 Qc7 11. Bxe6 fxe6 12. Nxe6 Qc4 13. Nxf8 Bxf8 14. Re1
Qf7 15. f3 Ne5 16. Na4 Be6 17. b3 Re8 18. c4 Qh5 19. Ra2 Nfd7 20. Nc3 Nc5 21.
Ne2 Qh4 22. Rf1 Bf7 23. Nf4 Qd8 24. Be3 Nc6 25. Nd5 Nxa5 26. Rxa5 Qxa5 27. b4
Qa2 28. bxc5 Qxc4 29. Nb6 Qc3 30. Nd5 Qa3 31. cxd6 Qxd6 32. Nb6 Rd8 33. Qxd6
Bxd6 34. Rc1 a5 35. Kf1 Bb3 36. Bg5 Re8 37. Nc4 Bb4 38. Nd2 Be6 39. Rc7 b5 40.
Nb1 a4 0-1

[Event "BL 1718 SK Schwäbisch Hall - SK Norder"]
[Site "?"]
[Date "2018.03.11"]
[Round "12.2"]
[White "Laznicka, Viktor"]
[Black "Ostrovskiy, Andrey"]
[Result "1-0"]
[WhiteElo "2657"]
[BlackElo "2438"]
[PlyCount "79"]
[EventDate "2018.??.??"]
[EventType "team-tourn"]

1. d4 Nf6 2. c4 e6 3. Nc3 Bb4 4. e3 b6 5. Nge2 Ba6 6. Ng3 Bxc3+ 7. bxc3 d5 8.
Qf3 O-O 9. cxd5 exd5 10. Bxa6 Nxa6 11. Qe2 Qc8 12. f3 c5 13. O-O Re8 14. Bd2 h5
15. Qd3 c4 16. Qc2 Qc6 17. Qf5 h4 18. Nh5 Nxh5 19. Qxh5 Nc7 20. Qxh4 Qg6 21.
Rae1 Qc2 22. Rf2 Qxa2 23. e4 Qa4 24. e5 Qd7 25. g4 a5 26. Rg2 b5 27. Rg3 Ra6
28. Rh3 f6 29. f4 fxe5 30. fxe5 Rh6 31. Bxh6 gxh6 32. Qxh6 Qg7 33. Qb6 Re6 34.
Qxa5 Ra6 35. Qb4 Rg6 36. Rg3 Rxg4 37. Ree3 Kh8 38. Qd6 Kh7 39. e6 b4 40. Qd7
1-0

[Event "BL 1718 SK Schwäbisch Hall - SK Norder"]
[Site "?"]
[Date "2018.03.11"]
[Round "12.3"]
[White "Kopylov, Michael"]
[Black "Gharamian, Tigran"]
[Result "1/2-1/2"]
[WhiteElo "2421"]
[BlackElo "2617"]
[PlyCount "41"]
[EventDate "2018.??.??"]
[EventType "team-tourn"]

1. d4 Nf6 2. c4 c5 3. d5 e6 4. Nc3 exd5 5. cxd5 d6 6. Nf3 g6 7. h3 Bg7 8. e4
O-O 9. Bd3 a6 10. a4 Nbd7 11. O-O Nh5 12. g4 Nhf6 13. Bf4 Ne8 14. Qd2 Rb8 15.
Rae1 b6 16. Bg5 f6 17. Bh4 Ne5 18. Nxe5 dxe5 19. f4 exf4 20. Qxf4 Rb7 21. e5
1/2-1/2

[Event "BL 1718 SK Schwäbisch Hall - SK Norder"]
[Site "?"]
[Date "2018.03.11"]
[Round "12.5"]
[White "Parvanyan, Ashot"]
[Black "Le Roux, Jean-Pierre"]
[Result "1/2-1/2"]
[WhiteElo "2379"]
[BlackElo "2551"]
[PlyCount "45"]
[EventDate "2018.??.??"]
[EventType "team-tourn"]

1. Nf3 Nf6 2. c4 d6 3. d4 g6 4. Nc3 Bf5 5. Ng5 Bg7 6. e4 Bd7 7. f4 e5 8. fxe5
dxe5 9. dxe5 Ng4 10. e6 Bxe6 11. Qxd8+ Kxd8 12. Nxe6+ fxe6 13. Be2 Ne5 14. Be3
Nbd7 15. O-O-O Ke7 16. Kc2 h6 17. Rd2 Bf6 18. Rdd1 Bg5 19. Bf2 h5 20. h3 a6 21.
Rhf1 Rhf8 22. a3 b6 23. b4 1/2-1/2

[Event "BL 1718 SK Schwäbisch Hall - SK Norder"]
[Site "?"]
[Date "2018.03.11"]
[Round "12.6"]
[White "Womacka, Mathias"]
[Black "Polischuk, Viktor"]
[Result "1-0"]
[WhiteElo "2439"]
[BlackElo "2283"]
[PlyCount "79"]
[EventDate "2018.??.??"]
[EventType "team-tourn"]

1. e4 c5 2. Nf3 e6 3. d4 cxd4 4. Nxd4 Nf6 5. Nc3 Nc6 6. Ndb5 Bb4 7. a3 Bxc3+ 8.
Nxc3 d5 9. exd5 exd5 10. Bd3 O-O 11. O-O d4 12. Ne2 Bg4 13. Bg5 Qd6 14. f3 Bh5
15. Qd2 Nd5 16. Be4 f6 17. Bf4 Nxf4 18. Qxf4 Rfd8 19. Rad1 Qxf4 20. Nxf4 Bf7
21. Rd2 Rd7 22. Rfd1 Rad8 23. Ne2 Bg6 24. Bxc6 bxc6 25. Rxd4 Rxd4 26. Rxd4 Rb8
27. b4 Bxc2 28. Rd7 a5 29. bxa5 Ra8 30. Nd4 Ba4 31. Ne6 Rxa5 32. Rxg7+ Kh8 33.
Rf7 h5 34. Rxf6 Rd5 35. h4 c5 36. Rf8+ Kh7 37. Rc8 Bd7 38. Nf8+ Kh6 39. Nxd7
Rxd7 40. Rc6+ 1-0

[Event "BL 1718 SK Schwäbisch Hall - SK Norder"]
[Site "?"]
[Date "2018.03.11"]
[Round "12.7"]
[White "Kahlert, Thomas"]
[Black "Raykhman, Alexander"]
[Result "1-0"]
[WhiteElo "2191"]
[BlackElo "2400"]
[PlyCount "107"]
[EventDate "2018.??.??"]
[EventType "team-tourn"]

1. c4 g6 2. Nc3 Bg7 3. Nf3 d6 4. d4 Nf6 5. e4 O-O 6. Be2 e5 7. O-O Nc6 8. d5
Ne7 9. Ne1 Nd7 10. Nd3 f5 11. exf5 gxf5 12. f4 Ng6 13. Be3 Nf6 14. Qb3 Ne4 15.
fxe5 Nxc3 16. bxc3 dxe5 17. Rae1 Kh8 18. Kh1 b6 19. c5 f4 20. Bc1 Bf5 21. c4
Nh4 22. Rf2 Qg5 23. Bf1 Rae8 24. cxb6 axb6 25. c5 Qg6 26. Bb2 Be4 27. Qc4 Nf5
28. cxb6 Nd6 29. Qxc7 Bxd3 30. Bxd3 Qxd3 31. Qxd6 Rd8 32. Qb4 Qxd5 33. h3 Qxa2
34. Rfe2 f3 35. gxf3 Rxf3 36. Bxe5 Qd5 37. Bxg7+ Kxg7 38. Rg2+ Rg3 39. Qe7+ Kg8
40. Qxd8+ Qxd8 41. Rxg3+ Kh8 42. Reg1 Qd5+ 43. R1g2 h5 44. Rg5 Qd1+ 45. Kh2
Qd6+ 46. Kg1 Qxb6+ 47. Rf2 Qb1+ 48. Kh2 Qd1 49. Rff5 Qd2+ 50. Kg3 Qe1+ 51. Kf4
h4 52. Kg4 Qg3+ 53. Kh5 Qxh3 54. Rf6 1-0

[Event "BL 1718 SK Schwäbisch Hall - SK Norder"]
[Site "?"]
[Date "2018.03.11"]
[Round "12.8"]
[White "Zpevak, Pavel"]
[Black "Bohnsack, Ralf"]
[Result "1/2-1/2"]
[WhiteElo "2337"]
[BlackElo "2149"]
[PlyCount "48"]
[EventDate "2018.??.??"]
[EventType "team-tourn"]

1. Nf3 c5 2. g3 Nc6 3. Bg2 g6 4. c4 Bg7 5. Nc3 Nf6 6. O-O O-O 7. d3 d6 8. a3
Bd7 9. Rb1 a5 10. Bd2 Ne8 11. Ne1 Nc7 12. Nc2 Rb8 13. b4 axb4 14. axb4 Nxb4 15.
Nxb4 cxb4 16. Rxb4 b5 17. cxb5 Nxb5 18. Nxb5 Rxb5 19. Rxb5 Bxb5 20. Qb3 Qd7 21.
Bg5 h6 22. Be3 Rc8 23. Rc1 Rxc1+ 24. Bxc1 Bc6 1/2-1/2

[Event "BL 1718 Schachfreunde Berlin - FC Bayer"]
[Site "?"]
[Date "2018.03.11"]
[Round "12.1"]
[White "Dragnev, Valentin"]
[Black "Piorun, Kacper"]
[Result "1/2-1/2"]
[WhiteElo "2493"]
[BlackElo "2653"]
[PlyCount "48"]
[EventDate "2018.03.11"]
[EventType "team-tourn"]

1. e4 c5 2. Nf3 Nc6 3. d4 cxd4 4. Nxd4 g6 5. c4 Bg7 6. Be3 Nf6 7. Nc3 d6 8. Be2
O-O 9. O-O Bd7 10. h3 Nxd4 11. Bxd4 Bc6 12. Qc2 a5 13. Rad1 a4 14. c5 Qa5 15.
cxd6 exd6 16. Bf3 a3 17. Qb3 axb2 18. Qxb2 Qa3 19. Qa1 Ne8 20. Rfe1 Qb4 21. Ne2
Bh6 22. Nc3 Bg7 23. Ne2 Bh6 24. Nc3 Bg7 1/2-1/2

[Event "BL 1718 Schachfreunde Berlin - FC Bayer"]
[Site "?"]
[Date "2018.03.11"]
[Round "12.2"]
[White "Mista, Aleksander"]
[Black "Studer, Noel"]
[Result "0-1"]
[WhiteElo "2589"]
[BlackElo "2467"]
[PlyCount "112"]
[EventDate "2018.03.11"]
[EventType "team-tourn"]

1. e4 e6 2. d4 d5 3. Nd2 c5 4. exd5 Qxd5 5. Ngf3 cxd4 6. Bc4 Qd7 7. O-O Nc6 8.
Nb3 a6 9. Nbxd4 Nxd4 10. Nxd4 Qc7 11. Bb3 Bd6 12. Re1 Ne7 13. Qh5 O-O 14. c3
Qc5 15. Qxc5 Bxc5 16. Be3 b6 17. Rad1 Ng6 18. Nc2 a5 19. a4 Ba6 20. Ba2 Rfd8
21. b4 Bxe3 22. Nxe3 Ne5 23. Rxd8+ Rxd8 24. f4 Rd2 25. fxe5 Rxa2 26. Rd1 h5 27.
b5 Bb7 28. Kf1 Rxa4 29. Rd8+ Kh7 30. Rb8 Be4 31. Rxb6 Ra3 32. Nd1 Ra2 33. Ke1
Bd3 34. Ne3 a4 35. c4 a3 36. Ra6 Re2+ 37. Kd1 a2 38. Ra3 Rf2 39. Kc1 Be4 40. c5
Re2 41. c6 Rxe3 42. Rxa2 Rc3+ 43. Kd2 Rc5 44. Ke3 Bd5 45. Rb2 Kg6 46. Kd4 Rc4+
47. Kd3 Rc1 48. g3 Kf5 49. Rf2+ Kxe5 50. Rxf7 Rc5 51. c7 Bc4+ 52. Ke3 Bxb5 53.
Rxg7 Kd6 54. Rg5 Bd7 55. Rxc5 Kxc5 56. h4 e5 0-1

[Event "BL 1718 Schachfreunde Berlin - FC Bayer"]
[Site "?"]
[Date "2018.03.11"]
[Round "12.3"]
[White "Lindgren, Philip"]
[Black "Tomczak, Jacek"]
[Result "0-1"]
[WhiteElo "2391"]
[BlackElo "2583"]
[PlyCount "80"]
[EventDate "2018.03.11"]
[EventType "team-tourn"]

1. Nf3 Nf6 2. c4 c5 3. Nc3 d5 4. cxd5 Nxd5 5. g3 Nc6 6. Nxd5 Qxd5 7. Bg2 g6 8.
O-O Bg7 9. d3 O-O 10. Be3 Bd7 11. Nd4 Qd6 12. Nxc6 Bxc6 13. Bxc6 Qxc6 14. Rc1
Qe6 15. Rc4 b6 16. Qc2 Rfd8 17. a4 Rd5 18. Re4 Qh3 19. Rh4 Qd7 20. b4 Bf6 21.
Rc4 cxb4 22. Rxb4 Rc8 23. Rc4 Rxc4 24. dxc4 Rh5 25. f3 Qh3 26. Rf2 Qe6 27. Qd3
Kg7 28. Rf1 Qh3 29. Rf2 Ra5 30. Rf1 Rxa4 31. c5 bxc5 32. Bxc5 Qc8 33. Be3 h5
34. Rc1 Qe6 35. Kf2 Qh3 36. Kg1 h4 37. Bf2 hxg3 38. hxg3 Ra5 39. g4 Be5 40. Be3
Bh2+ 0-1

[Event "BL 1718 Schachfreunde Berlin - FC Bayer"]
[Site "?"]
[Date "2018.03.11"]
[Round "12.4"]
[White "Schneider, Ilja"]
[Black "Schneider, Stefan"]
[Result "1-0"]
[WhiteElo "2513"]
[BlackElo "2402"]
[PlyCount "45"]
[EventDate "2018.03.11"]
[EventType "team-tourn"]

1. d4 e6 2. g3 Nf6 3. Bg2 c5 4. Nf3 cxd4 5. O-O Nc6 6. Nxd4 Qb6 7. Nb3 d5 8.
Nc3 Be7 9. e4 dxe4 10. Be3 Qc7 11. Nxe4 O-O 12. Nxf6+ Bxf6 13. c3 e5 14. Nc5
Be7 15. Qa4 Rb8 16. Rfd1 Na5 17. b4 Nc4 18. Qxa7 Nxe3 19. fxe3 Bg5 20. Ne4 Be7
21. Nc5 Bg5 22. Re1 Qd6 23. Ne4 1-0

[Event "BL 1718 Schachfreunde Berlin - FC Bayer"]
[Site "?"]
[Date "2018.03.11"]
[Round "12.5"]
[White "Vidonyak, Roman"]
[Black "Jakubowski, Krzysztof"]
[Result "1-0"]
[WhiteElo "2436"]
[BlackElo "2515"]
[PlyCount "101"]
[EventDate "2018.03.11"]
[EventType "team-tourn"]

1. d4 Nf6 2. c4 e6 3. Nc3 Bb4 4. Qc2 b6 5. e4 c5 6. d5 exd5 7. exd5 O-O 8. Bd3
b5 9. b3 bxc4 10. bxc4 d6 11. Nge2 Nbd7 12. f4 Bxc3+ 13. Qxc3 Re8 14. O-O Rb8
15. Ng3 Nf8 16. h3 Ng6 17. Bd2 Rb7 18. Rae1 Rxe1 19. Rxe1 Re7 20. Rb1 h6 21.
Qc2 Nf8 22. Bc3 Rb7 23. Rxb7 Bxb7 24. Qb2 Ba6 25. Bxf6 gxf6 26. Nh5 Nh7 27. Qa3
Qc8 28. Qc3 Qd8 29. Bf5 Kh8 30. Kh2 Qe7 31. Qg3 Qf8 32. Bxh7 Kxh7 33. Nxf6+ Kh8
34. Qe3 Kg7 35. Qc3 Kg6 36. g4 Bc8 37. f5+ Bxf5 38. gxf5+ Kxf5 39. Qf3+ Kg6 40.
Ne4 Qe7 41. Qg4+ Kh7 42. Qf5+ Kg7 43. Kg3 a5 44. a4 Kf8 45. Qf4 Kg7 46. Kf3 Qb7
47. Qf6+ Kh7 48. Nxd6 Qb3+ 49. Kf4 Qxa4 50. Qxf7+ Kh8 51. Qg6 1-0

[Event "BL 1718 Schachfreunde Berlin - FC Bayer"]
[Site "?"]
[Date "2018.03.11"]
[Round "12.6"]
[White "Schreiner, Peter"]
[Black "Ribli, Zoltan"]
[Result "1/2-1/2"]
[WhiteElo "2460"]
[BlackElo "2532"]
[PlyCount "54"]
[EventDate "2018.03.11"]
[EventType "team-tourn"]

1. Nf3 d5 2. g3 g6 3. Bg2 Bg7 4. d4 Nf6 5. O-O O-O 6. c4 Nc6 7. Nbd2 a5 8. b3
a4 9. bxa4 dxc4 10. Nxc4 Be6 11. Nce5 Bd5 12. Bb2 Ra6 13. Nd3 Qa8 14. Nf4 Be4
15. e3 Rxa4 16. a3 Nd5 17. Nxd5 Bxd5 18. Qc2 e6 19. Rfc1 Rd8 20. Nd2 Bxg2 21.
Kxg2 e5 22. Nf3 exd4 23. exd4 Ra5 24. Rab1 Rad5 25. Re1 Qc8 26. Qb3 b6 27. Rbc1
Na5 1/2-1/2

[Event "BL 1718 Schachfreunde Berlin - FC Bayer"]
[Site "?"]
[Date "2018.03.11"]
[Round "12.7"]
[White "Rafiee, Makan"]
[Black "Abel, Dennes"]
[Result "1/2-1/2"]
[WhiteElo "2339"]
[BlackElo "2473"]
[PlyCount "54"]
[EventDate "2018.03.11"]
[EventType "team-tourn"]

1. e4 c5 2. Nf3 Nc6 3. d4 cxd4 4. Nxd4 Nf6 5. Nc3 d6 6. Bc4 e6 7. Be3 Be7 8.
Qe2 Nxd4 9. Bxd4 a6 10. O-O-O b5 11. Bb3 Bb7 12. a3 O-O 13. g4 Qa5 14. g5 Nd7
15. g6 hxg6 16. h4 b4 17. axb4 Qh5 18. Qxh5 gxh5 19. Rhg1 g6 20. f4 Kh7 21. f5
Bxh4 22. fxe6 fxe6 23. Bxe6 Rad8 24. Bf5 Rg8 25. Be6 Rgf8 26. Bf5 Rg8 27. Be6
Rgf8 1/2-1/2

[Event "BL 1718 USV Dresden - MSA Zugzwang"]
[Site "?"]
[Date "2018.03.11"]
[Round "12.1"]
[White "Mons, Leon"]
[Black "Almasi, Zoltan"]
[Result "1/2-1/2"]
[WhiteElo "2542"]
[BlackElo "2696"]
[PlyCount "51"]
[EventDate "2018.03.11"]
[EventType "team-tourn"]

1. d4 Nf6 2. Nf3 e6 3. e3 b6 4. c4 Bb7 5. Nc3 Bb4 6. Bd2 O-O 7. Bd3 c5 8. O-O
d6 9. Qe2 Nbd7 10. Rfd1 Qe7 11. a3 Bxc3 12. Bxc3 Ne4 13. Be1 f5 14. Nd2 Nxd2
15. Bxd2 e5 16. dxc5 Nxc5 17. Bc2 Rf6 18. f3 Raf8 19. Bb4 a5 20. Bxc5 dxc5 21.
Rd2 e4 22. f4 Rd8 23. Rad1 Rfd6 24. Rxd6 Rxd6 25. Rxd6 Qxd6 26. Qd1 1/2-1/2

[Event "BL 1718 USV Dresden - MSA Zugzwang"]
[Site "?"]
[Date "2018.03.11"]
[Round "12.2"]
[White "Nisipeanu, Liviu-Dieter"]
[Black "Kindermann, Stefan"]
[Result "1/2-1/2"]
[WhiteElo "2681"]
[BlackElo "2502"]
[PlyCount "56"]
[EventDate "2018.03.11"]
[EventType "team-tourn"]

1. c4 f5 2. Nc3 Nf6 3. g3 d6 4. Bg2 e5 5. d3 Be7 6. e4 c6 7. Nge2 O-O 8. O-O
Qe8 9. Qb3 Na6 10. c5+ Kh8 11. cxd6 Bxd6 12. exf5 Nc5 13. Qc2 Bxf5 14. Ne4
Nfxe4 15. dxe4 Bg4 16. f3 Bh5 17. Be3 Ne6 18. Nc1 Bc7 19. Nb3 Bb6 20. Bxb6 axb6
21. Qc3 Nc7 22. f4 exf4 23. gxf4 Qe7 24. Nd4 Rad8 25. Nf5 Qc5+ 26. Qxc5 bxc5
27. Rac1 Rd2 28. Ng3 Bf7 1/2-1/2

[Event "BL 1718 USV Dresden - MSA Zugzwang"]
[Site "?"]
[Date "2018.03.11"]
[Round "12.3"]
[White "Hertneck, Gerald"]
[Black "Gajewski, Grzegorz"]
[Result "0-1"]
[WhiteElo "2488"]
[BlackElo "2588"]
[PlyCount "74"]
[EventDate "2018.03.11"]
[EventType "team-tourn"]

1. Nf3 d5 2. c4 e6 3. e3 Nf6 4. b3 Bd6 5. Bb2 Nbd7 6. Nc3 O-O 7. cxd5 exd5 8.
Nb5 Be7 9. Qc2 c6 10. Nbd4 Re8 11. Be2 g6 12. Ng5 c5 13. Ndf3 h6 14. Ne6 Qb6
15. Nf4 Nf8 16. g4 d4 17. g5 hxg5 18. Nxg5 Bd6 19. Ngh3 Bf5 20. Bd3 Bxd3 21.
Qxd3 Rad8 22. O-O-O Qa5 23. Kb1 Bxf4 24. exf4 b5 25. Ng5 Nd5 26. Qf3 Qb6 27. f5
Re5 28. Nxf7 Kxf7 29. fxg6+ Kg7 30. Qf7+ Kh6 31. Bc1 Qf6 32. d3+ Kh5 33. Rdg1
Qxf7 34. gxf7 Re2 35. Ka1 Nc3 36. Bb2 Rxf2 37. Rg3 Ne2 0-1